Φυσικοχημικός χαρακτηρισμός μεταβατικών, παράκτιων υγροτοπικών συστημάτων, κόλπος Καλλονής, Λέσβος : πτυχιακή εργασία
Αποθηκεύτηκε σε:
| Κύριος συγγραφέας: | |
|---|---|
| Συγγραφή απο Οργανισμό/Αρχή: | |
| Άλλοι συγγραφείς: | |
| Μορφή: | Thesis Βιβλίο |
| Γλώσσα: | Greek |
| Δημοσίευση: |
Μυτιλήνη :
Πανεπιστήμιο Αιγαίου, Τμήμα Περιβάλλοντος,
2006
|
| Θέματα: | |
| Διαθέσιμο Online: | http://hdl.handle.net/11610/10445 |
| Ετικέτες: |
Προσθήκη ετικέτας
Δεν υπάρχουν, Καταχωρήστε ετικέτα πρώτοι!
|
MARC
| LEADER | 00000cam a2200000 i 4500 | ||
|---|---|---|---|
| 001 | 1/38492 | ||
| 008 | 061130s2006 gr ||| | gre|| | ||
| 035 | |l 10086357 | ||
| 040 | |a GR-MY-UA |b gre |e aacr | ||
| 041 | 0 | |a gre | |
| 082 | 0 | |a 551.466 |2 (22) | |
| 100 | 1 | |a Περάκης, Νικόλαος Γ. | |
| 245 | 1 | 0 | |a Φυσικοχημικός χαρακτηρισμός μεταβατικών, παράκτιων υγροτοπικών συστημάτων, κόλπος Καλλονής, Λέσβος : |b πτυχιακή εργασία / |c Περάκης Νίκος ; επιβλέποντες: Ντίκου Αγγελική, Τρούμπης Ανδρέας. |
| 260 | |a Μυτιλήνη : |b Πανεπιστήμιο Αιγαίου, Τμήμα Περιβάλλοντος, |c 2006 | ||
| 300 | |a 55 σ.; |b εικ.; |c 30 εκ. | ||
| 502 | |a Πτυχιακή εργασία – Πανεπιστήμιο Αιγαίου, Λέσβος, 2006. | ||
| 504 | |a Περιέχει βιβλιογραφία: σ. 50-51. | ||
| 650 | 0 | 0 | |a Marine sediments |z Greece |z Kallone (Lesbos Island) |
| 650 | 0 | 0 | |a Sedimentation and deposition |z Greece |z Kallone (Lesbos Island) |
| 650 | 0 | 0 | |a Chemical oceanography |z Greece |z Kallone (Lesbos Island) |
| 650 | 0 | 0 | |a Dissertations, Academic |z Greece. |
| 700 | 1 | |a Ντίκου, Αγγελική, |e dgsf | |
| 700 | 1 | |a Τρούμπης, Ανδρέας, |e dgs | |
| 710 | 2 | |a Πανεπιστήμιο Αιγαίου. |b Σχολή Περιβάλλοντος. |b Τμήμα Περιβάλλοντος. | |
| 852 | |a INST |b LESVOS |c DIATR |e 20061130 |h 1077 |p 005100037457 |q 005100037457 |t DIE |y 23 | ||
| 852 | |a INST |b LESVOS |c DIATR |e 20061130 |h 1078 |p 005100037455 |q 005100037455 |t DIE |y 23 | ||
| 856 | |u http://hdl.handle.net/11610/10445 | ||
| 901 | |a BIBL1-2006-3 | ||
| 909 | |a Λ |b 131688 | ||
| 909 | |a Λ |b 131689 | ||
| 924 | |a ΠΕΡΑΚΗΣ |b ΝΙΚΟΣ |y Λέσβος |z 2006-11 | ||
| 970 | |a ΤΖΑΦΕΡΗ |b ΕΥΑΓΓΕΛΙΑ |z 2006/11/30 | ||